00253nam a22001097a 4500008004100000020001800041041000800059080000800067100000700075101000800082245005300090181106b xxu||||| |||| 00| 0 eng d a9781412954167 aeng a346 a50 aSOC aFundamentals Social Work ResearchcEngel.R.J